| 000 | 00909nam a2200313 a 4500 | ||
|---|---|---|---|
| 001 | vtls001438446 | ||
| 003 | NLI | ||
| 005 | 20210627122019.0 | ||
| 008 | 121130s1991 ii 000 0 eng | ||
| 020 |
_a8170362156 (pbk.) _cRs. 95.00 |
||
| 039 | 9 |
_y201211301642 _zVLOAD |
|
| 040 |
_aNLI _beng _cDatasoft_GENG _eAACR2 |
||
| 041 | 0 | _aeng | |
| 044 | _aii | ||
| 082 | 0 | 4 | _a305.56 |
| 100 | 1 |
_aLewis, Primila _91003550 |
|
| 245 | 1 | 0 |
_aSocial action and the labouring poor : _ban experience / _cPrimila Lewis |
| 260 |
_aNew Delhi : _bVistaar Publicarions, _c1991 |
||
| 300 |
_a267 p. ; _c22 cm. |
||
| 650 | 0 |
_aPoor _xEmployment _9846906 |
|
| 650 | 0 |
_aMarginality, Social _9844909 |
|
| 650 | 0 |
_aWorking poor _91003551 |
|
| 887 | _a | ||
| 901 |
_aDB59246 _b23.04.1991 |
||
| 902 | _aE 305.56 L 588 | ||
| 904 | _l3168 | ||
| 949 |
_AVIRTUAITEM _D10000 _X100 _6DBA000059246ENG |
||
| 942 |
_2ddc _cBKS |
||
| 999 |
_aVIRTUA40 _c891733 _d891733 |
||